| 000 | 00349nam a2200133Ia 4500 | ||
|---|---|---|---|
| 008 | 240624s9999 xx 000 0 und d | ||
| 041 | _aeng | ||
| 082 | _a658.3008 FRO | ||
| 100 | _aFROST STEPHEN | ||
| 245 | _aINCLUSION IMPERATIVE HOE REAL INCLUSION | ||
| 260 |
_c2014 _aNew Delhi _bKogan Page |
||
| 300 | _aviii, 333 p.; 24 cm. | ||
| 365 |
_cBPS _b30 |
||
| 999 |
_c30021 _d30021 |
||